| 000 | 00590nam a2200181Ia 4500 | ||
|---|---|---|---|
| 008 | 090122s9999 xx 000 0 und d | ||
| 082 |
_b13935 _a891.468 |
||
| 100 |
_aशेवते _bअरुण |
||
| 245 | _aघराच्या आंतबाहेर | ||
| 260 |
_bअनघा _c2008 |
||
| 300 | _a87 | ||
| 501 | _a"301 - 29/11/2008 ललित वितरण,पुणे" | ||
| 600 | _aशेवते | ||
| 630 | _aघराच्या आंतबाहेर | ||
| 700 | _aशेवते | ||
| 730 | _aघराच्या आंतबाहेर | ||
| 942 | _cBOOK | ||
| 999 |
_c38012 _d38012 |
||